Úroková miera a kapitálová štruktúra bakalárska práca

Uložené v:
Podrobná bibliografia
Hlavný autor: Habalová, Laura
Korporativný autor: Fakulta podnikového manažmentu EU. Katedra podnikových financií
Ďalší autori: Kmeťko, Miroslav, 1969-
Médium: Kniha
Jazyk:Slovak
Vydavateľské údaje: Bratislava 2025
Tagy: Pridať tag
Žiadne tagy, Buďte prvý, kto otaguje tento záznam!

MARC

LEADER 00000nbm a2200000 4500
001 0309923
005 20260108094926.7
041 0 |a slo 
044 |a SK 
245 1 0 |a Úroková miera a kapitálová štruktúra  |b bakalárska práca  |c Laura Habalová ; školiteľ: Miroslav Kmeťko 
264 1 |a Bratislava  |c 2025 
300 |a 46 s. 
100 1 |a Habalová, Laura 
700 1 |a Kmeťko, Miroslav, 1969- 
710 2 |a Fakulta podnikového manažmentu EU. Katedra podnikových financií